Diagnóstico clínico (Record no. 122911)

MARC details
000 -LEADER
campo de control de longitud fija 00682nam a2200193 4500
001 - NÚMERO DE CONTROL
campo de control 122911
003 - IDENTIFICADOR DE NÚMERO DE CONTROL
campo de control ES-MaACL
007 - CAMPO FIJO DE DESCRIPCIÓN FÍSICA--INFORMACIÓN GENERAL
campo de control de longitud fija t|
008 - DATOS DE LONGITUD FIJA--INFORMACIÓN GENERAL
campo de control de longitud fija 070214s1948 sp r ||||0| spa d
100 1# - ENTRADA PRINCIPAL--NOMBRE DE PERSONA
Nombre de persona Pullen, Roscoe Le Roy.
9 (RLIN) 94382
245 10 - MENCIÓN DEL TÍTULO
Título Diagnóstico clínico
Resto del título : diagnóstico físico aplicado /
Mención de responsabilidad, etc. Roscoe Le Roy Pullen ; prólogo de John H. Musser ; traducción del inglés por Salvador de Almenara Lucas.
250 ## - MENCION DE EDICION
Mención de edición 1ª. ed.
260 ## - PUBLICACIÓN, DISTRIBUCIÓN, ETC.
Lugar de publicación, distribución, etc. Barcelona :
Nombre del editor, distribuidor, etc. Salvat,
Fecha de publicación, distribución, etc. 1948.
300 ## - DESCRIPCIÓN FÍSICA
Extensión XIV, 994 p., 10 lám :
Otras características físicas il ;
Dimensiones 26 cm.
700 1# - ENTRADA AGREGADA--NOMBRE PERSONAL
Nombre de persona Musser, John H.
9 (RLIN) 217334
700 1# - ENTRADA AGREGADA--NOMBRE PERSONAL
Nombre de persona Almenara Lucas, Salvador de.
9 (RLIN) 20137
852 ## - LOCALIZACIÓN
Ubicación ES-MaACL
Número de control de estantería E-1593
Sublocalización o colección R.27149
Holdings
Estatus retirado Estado de pérdida Estado de daño No para préstamo Biblioteca de origen Biblioteca actual Ubicación en estantería Fecha de adquisición Fuente de adquisición Total de préstamos Signatura topográfica completa Código de barras Visto por última vez Precio de reemplazo Tipo de ítem Koha
        Biblioteca del Ateneo de Madrid Biblioteca del Ateneo de Madrid Depósito 2 17/01/2008     E-1593 1128077 23/02/2023 23/02/2023 Libro impreso